Monografia Jurd̕ica Quais caminhos devo seguir? /

Detalles Bibliográficos
Autor principal: Figueiredo Alves Junior, Wilson Još
Formato: eBook
Lenguaje:portugués
Publicado: San Pablo: JH Mizuno, 2019
Materias:
Acceso en línea:Acceso restringido

MARC

LEADER 00000nam a22000007a 4500
005 20190723234542.0
007 cr|||| ||||
008 190723s2019 br |||||s|||| 00||0 por d
020 |a 978-85-7789-428-4 
035 |a 23853 
040 |a vLex 
090 |c 9058  |d 9058 
100 1 |a Figueiredo Alves Junior, Wilson Još 
245 1 0 |a Monografia Jurd̕ica  |h [Recurso electrn̤ico] :  |b Quais caminhos devo seguir? /  |c Wilson Jos ̌Figueiredo Alves Junior 
256 |a Servicio en ln̕ea 
260 |a San Pablo:  |b JH Mizuno,  |c 2019 
300 |a 1 recurso electrn̤ico 
500 |a "A obra Monografia Jurd̕ica: – quais caminhos devo seguir? orienta os alunos para a elaboraȯ̂ de seus trabalhos acadm̊icos, buscando facilitar o entendimento, props̤ito, aplicaȯ̂ e estruturaȯ̂ das diferentes atividades didt̀ico-pedagg̤icas requeridas no transcorrer dos cursos de graduaȯ̂ ou mesmo de ps̤-graduaȯ̂. O ambiente acadm̊ico exige uniformidade quanto ̉utilizaȯ̂ das normas da Associaȯ̂ Brasileira de Normas Tčnicas – ABNT, para apresentaȯ̂ de trabalhos produzidos neste contexto, assim como na observaȯ̂ do uso da linguagem cientf̕ica. Desse modo, a produȯ̂ e apresentaȯ̂ de textos poderô resultar em uma leitura sistm̊ica, estťica, atraente e enquadrada nos parḿetros oficiais predominantes no universo acadm̊ico. O objetivo deste livro ̌oferecer elementos, com base no recomendado pela ABNT, para uma apresentaȯ̂ correta da produȯ̂ intelectual. Atendendo s̉ necessidades de orientaė̳s metodolg̤icas para a elaboraȯ̂ do Trabalho de Conclusô de Curso, o livro divide-se em: > NOßÕES DE PESQUISA CIENTÍFICA E ESPÉCIES DE TRABALHOS ACADÊMICOS >MÉTODOS CIENTÍFICOS E PARTICULARIDADES DE TRABALHOS ACADÊMICOS >ESTRUTURA DO TRABALHO ACADÊMICO (TRABALHO DE CONCLUS©O DE CURSO – TCC ou MONOGRAFIA) >REFERÊNCIAS, CITAßÕES BIBLIOGRℓFICAS E DICAS IMPORTANTES Este livro, forjado na prt̀ica docente e tambm̌ em um sl̤ido suporte ter̤ico e tčnico, destina-se a alunos, docentes, coordenadores e estudiosos no ensino do Direito." 
506 1 |a Disponible solo en los productos indicados  |d vLex Global  |d vLex Global (Academic Edition, excluding Law Schools)  |d vLex Global (U.S. Academic Edition, Law Schools)  |d vLex Global (U.S. Academic Edition, excluding Law Schools)  |d vLex Global (Academic Edition, Law Schools) 
650 0 4 |a Derecho Civil  |z Brasil 
650 0 4 |a Procedimiento Civil  |z Brasil 
740 0 |a vLex Libros (Servicio en ln̕ea) 
856 4 0 |u http://vlex.com/source/monografia-juridica-quais-caminhos-devo-seguir--23853  |z Acceso restringido 
942 |c BOOK 
999 0 |a Civil Law 
999 0 |a Civil Procedure